Logo BPK

Biblioteka

Politechniki Koszalińskiej

Świat roku 2000 : (Rekord nr 1181)

Szczegóły MARC
000 -ETYKIETA REKORDU
podpole kontrolne o stałej długości 00428nam a2200157 i 4500
001 - NUMER KONTROLNY REKORDU
pole kontrolne bg
040 ## - ŹRÓDŁO KATALOGOWANIA
Instytucja, która utworzyła rekord BPK
041 ## - KOD JĘZYKA
Kod języka tekstu pol
080 ## - UNIWERSALNA KLASYFIKACJA DZIESIĘTNA - UKD
UKD 008.2(100)"20"
008 - POLE O STAŁEJ DŁUGOŚCI - DANE KONTROLNE
podpole kontrolne o stałej długości s pl f |000 0 pol
100 1# - NAZWA OSOBOWA
Nazwa osobowa BESTUŻEV-LADA, Igor' V.
245 #0 - TYTUŁ/ODPOWIEDZIALNOŚĆ
Tytuł Świat roku 2000 :
Ciąg dalszy tytułu problemy i rozwiązania : szkice polemiczne /
Pozostałe elementy strefy tytułu i oznaczenia odpowiedzialności Igor Bestużew-Łada.
260 ## - STREFA ADRESU WYDAWNICZEGO
Miejsce wydania Warszawa,
Data publikacji, dystrybucji/powstania dokumentu 1984.
700 1# - HASŁO DODATKOWE - NAZWA OSOBOWA
Nazwa osobowa Bestużew-Łada, Igor
942 ## - DODATKOWE ELEMENTY (KOHA)
Typ dokumentu Książka
Egzemplarze
Wycofany Status egzemplarza Uszkodzony Dostępność Lokalizacja stała Lokalizacja bieżąca Miejsce przechowywania Sygnatura Kod kreskowy Typ dokumentu
      Dostępny Biblioteka Politechniki Koszalińskiej Biblioteka Politechniki Koszalińskiej Wypożyczalnia BG P 22782 01933031 Książka
© 2023 Biblioteka Politechniki Koszalińskiej :: KOHA